00337nam a22001097a 4500020001800000082001600018100001900034245007500053260004500128300000800173650004600181 a9780198062820 a322.108 COP aCopley, Antony aHinduism in Public and Private: Reform, Hindutva, Gender and Sampraday aNew DelhibOxford University Pressc2003 a303 aRelation of the State to Organized Groups